| 000 | 01069nam a22002177a 4500 | ||
|---|---|---|---|
| 003 | BUBTL | ||
| 008 | 211121b ||||| |||| 00| 0 eng d | ||
| 020 | _a9789848054352 | ||
| 082 | _a954.92/ J872b/ 2021 | ||
| 100 |
_94371 _aজোবায়ের, তাকী |
||
| 245 |
_aবঙ্গবন্ধু : বাংলাদেশ উন্নয়ন ভাবনা ১৯৭২-১৯৭৫ / _cতাকী জোবায়ের |
||
| 250 | _a1st Edn. | ||
| 260 |
_aঢাকা, বাংলাদেশ : _bজয়তী, _cc2021 |
||
| 300 |
_a1016 p.: _bill.; _c24 cm. |
||
| 505 | _aবঙ্গবন্ধু : বাংলাদেশ উন্নয়ন ভাবনা ১৯৭২-১৯৭৫, বঙ্গবন্ধু, বাংলাদেশ, উন্নয়ন ভাবনা, ১৯৭২-১৯৭৫, তাকী জোবায়ের | ||
| 650 | 0 |
_93573 _aবঙ্গবন্ধু |
|
| 650 | 0 |
_94372 _aBangabandhu |
|
| 856 |
_k0 _l0 _yDownload |
||
| 942 |
_2ddc _cBK |
||
| 999 |
_c6572 _d6572 |
||